Algebra 1 (Record no. 12437)

000 -LEADER
fixed length control field 00555nam a22001457a 4500
008 - FIXED-LENGTH DATA ELEMENTS--GENERAL INFORMATION
fixed length control field 230704b 2017 ||||| |||| 00| 0 eng d
020 ## - INTERNATIONAL STANDARD BOOK NUMBER
International Standard Book Number 9789811350887
082 ## - DEWEY DECIMAL CLASSIFICATION NUMBER
Classification number 512
Item number LAL
100 ## - MAIN ENTRY--PERSONAL NAME
Personal name Lal, Ramji
245 ## - TITLE STATEMENT
Title Algebra 1
260 ## - PUBLICATION, DISTRIBUTION, ETC. (IMPRINT)
Place of publication, distribution, etc India
Name of publisher, distributor, etc Springer
Date of publication, distribution, etc 2017
300 ## - PHYSICAL DESCRIPTION
Extent xvii,433p.
520 ## - SUMMARY, ETC.
Summary, etc This is the first in a series of three volumes dealing with important topics in algebra. It offers an introduction to the foundations of mathematics together with the fundamental algebraic structures, namely groups, rings, fields, and
942 ## - ADDED ENTRY ELEMENTS (KOHA)
Item type Books
Holdings
Withdrawn status Lost status Source of classification or shelving scheme Damaged status Not for loan Collection code Permanent location Current location Shelving location Date acquired Full call number Barcode Date last seen Koha item type Public note
          Non-fiction IMU-MPC Library IMU-MPC Library General Stacks 2023-07-04 512 LAL MPC6786 2025-03-17 Books Column-24
Copyright © 2021 Indian Maritime University, Mumbai Port Campus. All Rights Reserved. Managed & Maintained by Central Library, IMU-Mumbai

webs counters

Powered by Koha